000 00282 a2200121 4500
000 nam a22 7a 4500
005 20260429122615.0
020 _a9780262035613
100 _aIan Goodfellow
_91235982
245 _aDeep Learning
260 _bThe MIT Press
_c2016
942 _cTEXL
999 _c1848636
_d1848636